| 000 | 01061nam a2200241Ia 4500 | ||
|---|---|---|---|
| 999 |
_c34928 _d34928 |
||
| 001 | 756 | ||
| 003 | GE_BSU | ||
| 005 | 20220927151945.0 | ||
| 008 | 181216s1988||||ge |||||||||||||| ||geo|| | ||
| 020 | _a5520001707 | ||
| 040 | _cGE_BSU | ||
| 041 | _ageo | ||
| 080 | _a39(38):2(38) ბ–81 | ||
| 100 |
_aბაწაში, წათე _914855 |
||
| 245 |
_aეთნო–რელიგიური პროცესები ჩრდილო აღმოსავლეთ ანატოლიაში / _c[რედ.: ო. გიგინეიშვილი] ; საქ. სსრ მეცნ. აკად., აღმოსავლეთმცოდნ. ინ-ტი. |
||
| 264 |
_aთბილისი : _bმეცნიერება, _c1988. |
||
| 300 |
_a78 გვ.; _b16 სმ. |
||
| 501 | _a შენიშვნები: გვ. 70-79. | ||
| 520 | _a რეზ. რუს. | ||
| 653 | _aთურქების ეთნოგრაფია. | ||
| 653 | _aრელიგია თურქეთში. | ||
| 942 |
_cBK _2udc |
||